00219 a2200097 4500245002800000100002200028650003000050005001700080084000900097999001500106 aheart of darknesshText aANTONY FOTHERGILL aOPEN GUIDES TO LITERATURE20191017172223.0 aNONE c8596d8596